Prospects of Millennial Entrepreneurs/ (Record no. 190886)

MARC details
000 -LEADER
fixed length control field 00512nam a22001697a 4500
005 - DATE AND TIME OF LATEST TRANSACTION
control field 20220808172338.0
010 ## - LCCN (DPL NO)
LC control number ENG-134360
020 ## - INTERNATIONAL STANDARD BOOK NUMBER
International Standard Book Number 9789393737410
Terms of availability 200.00
035 ## - SYSTEM CONTROL NUMBER
System control number EN-117892
037 ## - SOURCE OF ACQUISITION
Source of stock number/acquisition DBAD/PUB
082 ## - DEWEY DECIMAL CLASSIFICATION NUMBER
Classification number 338.04
245 ## - TITLE STATEMENT
Title Prospects of Millennial Entrepreneurs/
260 ## - PUBLICATION, DISTRIBUTION, ETC. (IMPRINT)
Place of publication, distribution, etc Tamil Nadu
Name of publisher, distributor, etc Shanlax publications
Date of publication, distribution, etc 2022
270 ## - ADDRESS
Address 61, 66 T.P.K. main road, Vasantha nagar, madurai
City Tamil nadu
Postal code 625003
300 ## - PHYSICAL DESCRIPTION
Extent 104p.
Dimensions 24cm(pbk)
942 ## - ADDED ENTRY ELEMENTS (KOHA)
Source of classification or shelving scheme Dewey Decimal Classification
Item type English Books
Classification part 338.04
Call number suffix PRO
Holdings
Withdrawn status Lost status Not for loan Collection code Home library Current library Date acquired Source of acquisition Cost, normal purchase price Full call number Barcode Copy number Cost, replacement price Koha item type
      Non-fiction Ashok Vihar Ashok Vihar 08/08/2022 DBAD/PUB 200.00 338.04 PRO EN-117892 1 200.00 English Books

© Delhi Public Library
Hit Counter
free hit counter